Sports Quiz

Random Sports or Football Quiz
Score 0/14 Timer 05:00
0 Plays Today
% Correct
Ciprian Tătărusanu
86%
Vlad Chiricheș
78.9%
Nicolae Stanciu
75.4%
Bogdan Stancu
75.4%
Alexandru Chipciu
73.7%
Cristian Săpunaru
70.2%
Mihai Pintilii
57.9%
% Correct
Florin Andone
57.9%
Răzvan Marin
56.1%
Romario Benzar
54.4%
Iasmin Latovlevici
52.6%
Alin Toșca
45.6%
Gheorghe Grozav
42.1%
Sergiu Hanca
35.1%

You're not logged in!

Compare scores with friends on all Sporcle quizzes.
OR
Log In

Sporcle TV

Today on Sporcle TV


Watch our educational content, quiz creation guides, and fun videos on Sporcle TV.

Show Comments

Extras

Top Quizzes Today


Score Distribution

Paid Content

Your Account Isn't Verified!

In order to create a playlist on Sporcle, you need to verify the email address you used during registration. Go to your Sporcle Settings to finish the process.

Report this User

Report this user for behavior that violates our Community Guidelines.

Details: